The three kingdoms : the sleeping dragon / Luo Guanzhong (Record no. 3614)

000 -LEADER
fixed length control field 00495nam a2200181Ia 4500
008 - FIXED-LENGTH DATA ELEMENTS--GENERAL INFORMATION
fixed length control field 190409s9999 xx 000 0 und d
020 ## - INTERNATIONAL STANDARD BOOK NUMBER
International Standard Book Number 978-0-8048-4394-2
082 ## - DEWEY DECIMAL CLASSIFICATION NUMBER
Classification number Fic L9735 2014 v.2
100 ## - MAIN ENTRY--PERSONAL NAME
Preferred name for the person Luo Guanzhong
245 #4 - TITLE STATEMENT
Title The three kingdoms : the sleeping dragon / Luo Guanzhong
260 ## - PUBLICATION, DISTRIBUTION, ETC. (IMPRINT)
Place of publication, distribution, etc Tokyo
260 ## - PUBLICATION, DISTRIBUTION, ETC. (IMPRINT)
Name of publisher Tuttle Publishing
260 ## - PUBLICATION, DISTRIBUTION, ETC. (IMPRINT)
Date of publication, distribution, etc c2014.
300 ## - PHYSICAL DESCRIPTION
Extent 447 p.
526 ## - STUDY PROGRAM INFORMATION NOTE
PROGRAM TYPE FICTION
650 ## - SUBJECT ADDED ENTRY--TOPICAL TERM
Topical term or geographic name as entry element Fiction -- China -- History -- Three kingdoms, 220-265.
942 ## - ADDED ENTRY ELEMENTS
Item type Book
Holdings
Withdrawn status Lost status Damaged status Not for loan Collection code Permanent Location Current Location Shelving location Date acquired Full call number Barcode Date last seen Price effective from Item type
        Fiction High School Library High School Library Fiction 2019-04-09 Fic L9735 2014 v.2 HS950 2019-04-09 2019-04-09 Book